[Event "Budapest FS08 FM-B"]
[Site "Budapest"]
[Date "2015.08.10"]
[Round "9"]
[White "Szurkos, Andras"]
[Black "Terbe, Peter"]
[Result "1-0"]
[WhiteElo "1807"]
[BlackElo "1467"]
[PlyCount "55"]
[EventDate "2015.08.01"]
[EventType "tourn"]
[EventRounds "10"]
[EventCountry "HUN"]
[SourceTitle "CBM 167 Extra"]
[Source "ChessBase"]
[SourceDate "2015.09.14"]
[SourceVersion "1"]
[SourceVersionDate "2015.09.14"]
[SourceQuality "1"]

1. e4 c5 2. d4 cxd4 3. Nf3 Nc6 4. Nxd4 Nf6 5. Nc3 e5 6. Ndb5 d6 7. Bg5 a6 8. Bxf6 gxf6 9. Na3 b5 10. Nd5 f5 11. Bd3 fxe4 12. Bxe4 Bb7 13. c3 Bg7 14. Qh5 h6 15. 0-0-0 0-0 16. h4 Ne7 17. Nxe7+ Qxe7 18. Bxb7 Qxb7 19. Nc2 Qxg2 20. Rhg1 Qxf2 21. Rdf1 Qa7 22. Qxh6 f6 23. Rg6 Rae8 24. Ne3 Rf7 25. Nf5 Qd7 26. Rfg1 Qxf5 27. Rxg7+ Kf8 28. R7g5+ 1-0

[Event "Budapest FS08 FM-B"]
[Site "Budapest"]
[Date "2015.08.02"]
[Round "2"]
[White "Terbe, Peter"]
[Black "Nemeth, Otto"]
[Result "0-1"]
[WhiteElo "1467"]
[BlackElo "1643"]
[PlyCount "82"]
[EventDate "2015.08.01"]
[EventType "tourn"]
[EventRounds "10"]
[EventCountry "HUN"]
[SourceTitle "CBM 167 Extra"]
[Source "ChessBase"]
[SourceDate "2015.09.14"]
[SourceVersion "1"]
[SourceVersionDate "2015.09.14"]
[SourceQuality "1"]

1. d4 Nf6 2. Bf4 d6 3. e3 g6 4. Nf3 Bg7 5. h3 h5 6. Be2 Nc6 7. c3 Bf5 8. 0-0 0-0 9. Bh2 Qd7 10. Bd3 Ne4 11. Qc2 d5 12. Nbd2 Nxd2 13. Qxd2 Bf6 14. Bxf5 Qxf5 15. Bxc7 g5 16. Rfe1 g4 17. hxg4 hxg4 18. Nh2 Kh7 19. Qe2 Rg8 20. e4 dxe4 21. Qxe4 e6 22. Qxf5+ exf5 23. g3 Kg6 24. d5 Rac8 25. Bf4 Na5 26. Be5 Nc4 27. Bxf6 Kxf6 28. b3 Nd6 29. c4 Ne4 30. Nf1 Ng5 31. Kg2 b6 32. Nd2 Rce8 33. f4 gxf3+ 34. Nxf3 Ne4 35. Nd4 Rxg3+ 36. Kf1 Rh8 37. Rxe4 fxe4 38. Kf2 Rd3 39. Nc6 a5 40. Re1 Kf5 41. Ke2 Rh2+ 0-1